000 00543nam a2200181Ia 4500
008 090123s9999 xx 000 0 und d
082 _b8054
_a891.463/पुरंदरे
100 _aपुरंदरे विशाखा
245 _aध्यास
250 _a3
260 _bऋतुराज प्रकाशन
300 _a154
600 _aपुरंदरे विशाखा
630 _aध्यास
700 _aपुरंदरे विशाखा
730 _aध्यास
942 _cBOOK
999 _c46120
_d46120